000 00757nam a22002057a 4500
999 _c5026
_d5026
003 AR-CdUCM
008 190311b ||||| |||| 00| 0 spa d
040 _aMUNICIPALIDAD PROVINCIAL DEL CUSCO
_cBIBLIOTECA MUNICIPAL DEL CUSCO
082 _a869.56 /
_bN18
100 _aNájar, Jorge
_915358
245 _aFinibus terrae /
260 _aLima :
_bIndustrial gráfica,
_c1985.
300 _a73 paginas ;
_c21 cm.
505 _acontenido : Primera visión : Temblando en la arena de la lutecia -- Acta de fundación -- Desembarcadero -- Por las autopistas -- Imagen antigua ...
650 _aLiteratura peruana
_9169
650 _aLiteratura Latinoamericana
_9799
650 _aLiteratura universal
_9611
710 _aPetroperu
_912972
942 _2ddc
_cLIBROS